Statistics for Empire Turning Points

Click here to take the quiz!

General Stats

  • This quiz has been taken 8 times
    (7 since last reset)
  • The average score is 7 of 15

Answer Stats

Empire Date War/Battle/Incident % Correct
First French Empire1812Invasion of Russia
83%
Empire of Japan1942Battle of Midway
83%
Ottoman Empire1683Battle of Vienna
83%
Swedish Empire1709Battle of Poltava
83%
Achaemenid (Persian) Empire480 BCBattle of Salamis
67%
Qing Empire1839-42First Opium War
50%
Third Reich (Nazi Germany)1942-43Battle of Stalingrad
50%
Spanish Empire1588Defeat of Spanish Armada
50%
Mughal Empire1739Battle of Karnal
50%
Russian Empire1904-05Russo-Japanese War
33%
Soviet Union1979-89Soviet-Afghan War
33%
British Empire1956Suez Crisis
17%
Kingdom of France1756-63Seven Years War
17%
Byzantine Empire527-65Byzantine-Sasanian War
0%
Tang Empire755-63An Lushan Rebellion
0%

Score Distribution

Percentile by Number Answered

Percent of People with Each Score

Your Score History

You have not taken this quiz since the last reset